|
|
|
|
| LEADER |
01417nam a22003854a 4500 |
| 001 |
EBC228360 |
| 003 |
MiAaPQ |
| 005 |
20200520144314.0 |
| 006 |
m o d | |
| 007 |
cr cn||||||||| |
| 008 |
020529s2002 nyu sb 001 0 eng |
| 010 |
|
|
|z 2002008308
|
| 020 |
|
|
|z 9780814426760
|
| 020 |
|
|
|z 0814471625 (pbk.)
|
| 035 |
|
|
|a (MiAaPQ)EBC228360
|
| 035 |
|
|
|a (Au-PeEL)EBL228360
|
| 035 |
|
|
|a (CaPaEBR)ebr10020629
|
| 035 |
|
|
|a (OCoLC)52043295
|
| 040 |
|
|
|a MiAaPQ
|c MiAaPQ
|d MiAaPQ
|
| 050 |
|
4 |
|a HD57.7
|b .C542 2002
|
| 082 |
0 |
4 |
|a 658.4/092
|2 21
|
| 100 |
1 |
|
|a Clarke-Epstein, Chris.
|
| 245 |
1 |
0 |
|a 78 important questions every leader should ask and answer
|h [electronic resource] /
|c Chris Clarke-Epstein.
|
| 246 |
3 |
|
|a Seventy eight important questions every leader should ask and answer
|
| 260 |
|
|
|a New York, N.Y. :
|b AMACOM,
|c c2002.
|
| 300 |
|
|
|a xx, 220 p.
|
| 504 |
|
|
|a Includes bibliographical references (p. 212-214) and index.
|
| 533 |
|
|
|a Electronic reproduction. Ann Arbor, MI : ProQuest, 2015. Available via World Wide Web. Access may be limited to ProQuest affiliated libraries.
|
| 650 |
|
0 |
|a Communication in organizations.
|
| 650 |
|
0 |
|a Corporate culture.
|
| 650 |
|
0 |
|a Leadership.
|
| 650 |
|
0 |
|a Public relations.
|
| 655 |
|
4 |
|a Electronic books.
|
| 710 |
2 |
|
|a ProQuest (Firm)
|
| 856 |
4 |
0 |
|u https://ebookcentral.proquest.com/lib/matrademy/detail.action?docID=228360
|z Click to View
|